000 00863nam a2200229 a 4500
001 000908261
003 AM-YEHGA
005 20250617164205.0
008 120727s1962 ru r 000 0 rus d
040 _aAM-YeHGA
041 0 _arus
100 1 _aАрсеньева, М.В.
245 1 0 _aВредители и болезни гороха и кормовых бобов в Иркутской области /
_cМ.В. Арсеньева, С.А. Кулик; Ред. Г.Ф. Стрилева.
260 _aИркутск :
_bИркут. кн. изд-во,
_c1962.
300 _a27 с. :
_bрис. ;
_c20 см.
504 _aБиблиогр. в подстроч. примеч.
650 1 4 _aБахчевые культуры
650 1 4 _aГорох
700 1 _aКулик, С.А.
700 1 _aСтрилева, Г.Ф.
_eред.
_4edt
090 _c522932
999 _c519370
_d519370